| 000 | 01089nam a2200301 i 4500 | ||
|---|---|---|---|
| 003 | DO-SdBNP | ||
| 005 | 20241219122124.0 | ||
| 007 | ta | ||
| 008 | 241219s2011 dr c 000 0 spa d | ||
| 020 | _a9789945409093 | ||
| 040 |
_aDO-SdBNP _bspa _cBNPHU _erda |
||
| 082 | 4 |
_axxx _bS211b _222 |
|
| 100 | 1 |
_aSánchez, Fernando, _d1944- _eautor _4aut. _956047 |
|
| 245 | 1 | 0 |
_aBordeando el rio : _b2010 / _cFernando Sánchez, Jimmy Sierra, y Antonio Lockward ; prólogos Pedro Mir, Jeannette Miller |
| 250 | _a2a. edición | ||
| 264 | 1 |
_aSanto Domingo : _bImpresora Conadex, _c2011. |
|
| 300 |
_a163 páginas _bretratos _c22 cm. |
||
| 336 |
_atexto _btxt _2rdacontent |
||
| 337 |
_asin mediación _bn _2rdamedia |
||
| 338 |
_avolumen _bnc _2rdacarrier |
||
| 590 | _aInventariado, 2024/ YL | ||
| 700 | 1 |
_aSierra, Jimmy, _d1944- _eautor _4aut. _956048 |
|
| 700 |
_aLockward Artiles, Antonio _d1943-2022 _eautor _4aut. _918823 |
||
| 700 | 1 |
_aMir, Pedro _d1913-2000 _eprologuista _97245 _4prol. |
|
| 700 | 1 |
_aMiller, Jeannette, _d1944- _eprologuista _983484 _4prol. |
|
| 910 | _aYLockward | ||
| 942 |
_2ddc _cLBS1 |
||
| 999 |
_c57980 _d57980 |
||